conflict of nations quiz - Statistics

General Stats
  • This quiz has been taken 29 times
  • The average score is 5 of 15
Answer Stats
Hint Answer % Correct
can stack to 10 before it gets nerfed infantry
71%
fighter plane you unlock on day 1 air superiority fighter
52%
increases manpower production recruiting office
52%
ewas favourite unit cruiser
48%
costs 1.5k supplies to produce and no components corvette
38%
helicopter that costs no components to build helicopter gunship
38%
costs only manpower to produce mercenary
38%
does 12 damage to tanks and 3 to infantry tank destroyer
38%
has 40 base health destroyer
33%
costs 3.3k components and 750 rare materials to produce aircraft carrier
29%
base damage of 400 to tanks nuclear ICBM
24%
does a base 8 damage to infantry heavy bomber
19%
cheapest thing to research infantry officer
19%
costs the most components to produce naval officer
19%
does 12 base damage to missles theatre defense system
19%
No matching quizzes found
Score Distribution
Percent of People with Each Score
Percentile by Number Answered
Your Score History
You have not taken this quiz